000 00651nam a2200241Ia 4500
003 OSt
005 20221007075219.0
006 a|||||r|||| 00| 0
007 ta
008 221006b |||||||| |||| 00| 0 eng d
020 _a8170007953
024 _a9,673
037 _cTextual
040 _aFLL
_cFLL
_beng
041 _2eng
_aeng
082 _aZ2,87, N6
100 _aSaxena Hari Sharan
_9693657
245 0 _aCentral administrative tribunal (CAT)
260 _aNew Delhi
_bDeep & Deep Publications India
_c1996
300 _axiv,431p
_ccm.
942 _hZ2,87, N6
_cTEXL
_2CC
999 _c1155217
_d1155217